Najednoduchší sporiaci produkt

Viac než dve tretiny finančných aktív Slovákov sú v bankách. A klienti bankám veria. Peniaze im v tomto roku zverujú vo väčšej miere než v minulých rokoch. Menia sa však preferencie. Obnovuje sa obľuba viazania vkladov. Pohľad na výšku úrokových sadzieb pri rôznych viazanostiach vkladov.

Enregistré dans:
Détails bibliographiques
Auteur principal: Škriniar, Pavel, 1979-
Format: Chapitre de livre
Langue:slovaque
Sujets:
Tags: Ajouter un tag
Pas de tags, Soyez le premier à ajouter un tag!

MARC

LEADER 00000naa a2200000 4500
001 0252951
005 20240502074046.3
041 0 |a slo 
044 |a SK 
245 1 0 |a Najednoduchší sporiaci produkt  |c Pavel Škriniar 
520 |a Viac než dve tretiny finančných aktív Slovákov sú v bankách. A klienti bankám veria. Peniaze im v tomto roku zverujú vo väčšej miere než v minulých rokoch. Menia sa však preferencie. Obnovuje sa obľuba viazania vkladov. Pohľad na výšku úrokových sadzieb pri rôznych viazanostiach vkladov. 
610 2 0 |a aktíva finančné 
610 2 0 |a vklady 
610 2 0 |a banky 
610 2 0 |a sadzby úrokové 
100 1 |a Škriniar, Pavel, 1979-